000 00234nam a2200097Ia 4500
005 20251222140105.0
008 251222s1900||||xx |||||||||||||| ||spa||
082 _a249.4/C76
245 0 _aPrimer congreso eucarístico de Lima
942 _cLIB
999 _c4102
_d4102